| 000 | 01064nam a2200313 i 4500 | ||
|---|---|---|---|
| 001 | 000027450 | ||
| 003 | DO-SdBNP | ||
| 005 | 20240305123709.0 | ||
| 007 | ta | ||
| 008 | 110331s1980 dr c r 000 0 spa d | ||
| 040 |
_aDO-SdBNP _bspa _cBNPHU _erda |
||
| 082 | 4 |
_a972.9301 _bB737a _222 |
|
| 100 | 1 |
_aBorrell B., Pedro J., _d1944- _966970 |
|
| 245 | 1 | 0 |
_aArquelogía submariana en la República Dominicana / _cPedro Borrell B. |
| 264 |
_aSanto Domingo : _bGIS, _c1980 |
||
| 300 |
_a138 paginas ; _c19 cm. |
||
| 336 |
_2rdacontent _atexto _btxt |
||
| 337 |
_2rdamedia _asin mediación _bn |
||
| 338 |
_2rdacarrier _avolumen _bnc |
||
| 500 | _aIncluye notas al pie de las páginas | ||
| 590 | _aInventariado, 2019/BT | ||
| 650 | 4 |
_a Arqueología subacuática _966971 |
|
| 650 | 4 |
_aNaufragios _945402 |
|
| 651 | 4 |
_a República Dominicana _xAntigüedades _945302 |
|
| 710 | 2 |
_aComisión de Rescate Arqueológico Submarino _954517 |
|
| 710 | 2 |
_aGrupo de Investigaciones Submarinas(GIS) _954518 |
|
| 910 | _aValidado. control de calidad. MFF | ||
| 942 |
_2ddc _cLBS1 |
||
| 999 |
_c26942 _d26942 |
||